Využitie simulačného procesu v rámci riadenia rizika pri aplikácii rôznych foriem poistenia a spoluúčasti diplomová práca

Na minha lista:
Detalhes bibliográficos
Autor principal: Váczy, Lukáš
Autor Corporativo: Fakulta hospodárskej informatiky EU. Katedra matematiky
Outros Autores: Mucha, Vladimír, 1976-
Formato: Livro
Idioma:eslovaco
Publicado em: Bratislava 2011
Tags: Adicionar Tag
Sem tags, seja o primeiro a adicionar uma tag!

MARC

LEADER 00000nbm a2200000 4500
001 0132291
005 20161109101804.8
041 0 |a slo 
044 |a SK 
245 1 0 |a Využitie simulačného procesu v rámci riadenia rizika pri aplikácii rôznych foriem poistenia a spoluúčasti  |b diplomová práca  |c Lukáš Váczy ; školiteľ: Vladimír Mucha 
264 1 |a Bratislava  |c 2011 
300 |a 73 s. 
100 1 |a Váczy, Lukáš 
700 1 |a Mucha, Vladimír, 1976- 
710 2 |a Fakulta hospodárskej informatiky EU. Katedra matematiky